El Aleph
Gorde:
| Egile nagusia: | |
|---|---|
| Formatua: | Liburua |
| Hizkuntza: | Spanish |
| Argitaratua: |
Madrid, España
Alianza Editorial
2000
|
| Gaiak: | |
| Etiketak: |
Etiketa erantsi
Etiketarik gabe, Izan zaitez lehena erregistro honi etiketa jartzen!
|
MARC
| LEADER | 00000nam a22000007a 4500 | ||
|---|---|---|---|
| 008 | 170908b xxu||||| |||| 00| 0 spa d | ||
| 999 | |c 30880 |d 30880 | ||
| 040 | |a cru BVZT | ||
| 090 | |a 860 B-32al | ||
| 100 | |a Borges, Jorge Luis | ||
| 245 | |a El Aleph | ||
| 260 | |a Madrid, España |b Alianza Editorial |c 2000 | ||
| 300 | |a 203 páginas | ||
| 650 | |a LITERATURA LATINOAMERICANA |9 15 | ||
| 650 | |a NARRATIVA ARGENTINA | ||
| 650 | |a CUENTOS |9 271 | ||
| 942 | |c 4 D |h 860 B-32al |2 z | ||
